| 000 | 00432nam a22001577a 4500 | ||
|---|---|---|---|
| 005 | 20260204152327.0 | ||
| 008 | 260204b |||||||| |||| 00| 0 eng d | ||
| 020 | _a978-0-571-31112-5 | ||
| 100 | _aTAYLOR, STEPHEN | ||
| 245 |
_aDEVIANCE _bTHE LIFE CHOICES OF LADY ANNE BARNARD |
||
| 260 |
_aLONDON _bFABER AND FABER _c2017 |
||
| 300 | _aX,396P. | ||
| 500 | _aINCLUDES INDEX | ||
| 650 | _aBARNARD, ANNE LINDSAY | ||
| 942 |
_2lcc _cBK |
||
| 999 |
_c216540 _d216540 |
||